000 00710nam a2200241Ia 4500
003 OSt
005 20221007070833.0
006 a|||||r|||| 00| 0
007 ta
008 221006b |||||||| |||| 00| 0 eng d
024 _a27,734
037 _cTextual
040 _aFLL
_cFLL
_beng
041 _2eng
_aeng
082 _aZ73,142y7, K9
100 _aHorowitz Harold W.
_9687788
245 0 _aLaw, lawyers and social change
260 _aIndianapolis
_bThe Bobbs-Merrill Company, Inc. Indianapolis
_c1969
300 _axxiii,531p
_ccm.
700 _a Karst Kenneth L.
_9687789
942 _hZ73,142y7, K9
_cTEXL
_2CC
999 _c1141675
_d1141675